Philippine literature : (Record no. 10367)

MARC details
000 -LEADER
fixed length control field 00850nam a22002537i 4500
003 - CONTROL NUMBER IDENTIFIER
control field URS
005 - DATE AND TIME OF LATEST TRANSACTION
control field 20220117095919.0
008 - FIXED-LENGTH DATA ELEMENTS--GENERAL INFORMATION
fixed length control field 180717b xxu||||| |||| 00| 0 eng d
020 ## - INTERNATIONAL STANDARD BOOK NUMBER
International Standard Book Number 9712705994
040 ## - CATALOGING SOURCE
Description conventions rda
Transcribing agency URS
Language of cataloging Eglish
050 ## - LIBRARY OF CONGRESS CALL NUMBER
Classification number PL5531
Item number .P538 1997
245 ## - TITLE STATEMENT
Title Philippine literature :
Remainder of title a history and anthology /
Statement of responsibility, etc edited by Bienvenido Lumbera and Cynthia Nograles Lumbera.
250 ## - EDITION STATEMENT
Edition statement Revised edition.
264 ## - PUBLICATION, DISTRIBUTION, ETC. (IMPRINT)
Place of publication, distribution, etc Pasig City :
Name of publisher, distributor, etc Anvil,
Date of publication, distribution, etc ©1997.
300 ## - PHYSICAL DESCRIPTION
Extent 440 pages ;
Dimensions 26 cm.
336 ## - CONTENT TYPE
Content type term text
Content type code txt
Source rdacontent
337 ## - MEDIA TYPE
Media type term unmediated
Media type code n
Source rdamedia
338 ## - CARRIER TYPE
Carrier type term volume
Carrier type code nc
Source rdacarrier
504 ## - BIBLIOGRAPHY, ETC. NOTE
Bibliography, etc Includes bibliographical references.
650 ## - SUBJECT ADDED ENTRY--TOPICAL TERM
Topical term or geographic name as entry element Philippine literature -- History and criticism.
700 ## - ADDED ENTRY--PERSONAL NAME
Personal name Lumbera, Cynthia Nograles.,
Relator term editor.
700 ## - ADDED ENTRY--PERSONAL NAME
Personal name Lumbera, Bienvenido.,
Relator term editor.
942 ## - ADDED ENTRY ELEMENTS (KOHA)
Source of classification or shelving scheme Library of Congress Classification
Koha item type Filipiniana
Holdings
Withdrawn status Lost status Source of classification or shelving scheme Damaged status Not for loan Collection code Home library Current library Shelving location Date acquired Source of acquisition Total Checkouts Full call number Barcode Date last seen Copy number Koha item type Price effective from
    Library of Congress Classification       Rodriguez College Library Rodriguez College Library Reference 05/15/2017     PL6141 L97 1997 URSROD-2214 05/15/2017   Filipiniana 05/15/2017
    Library of Congress Classification     Non-fiction Taytay College Library Taytay College Library Filipiniana Section 07/17/2018 Purchased   PL5531 .P538 1997 URSTAY-4152 06/02/2025 1 Filipiniana  
    Library of Congress Classification     Non-fiction Taytay College Library Taytay College Library Filipiniana Section 09/19/2018 Donation   PL5531 .P538 1997 URSTAY-4278 06/02/2025 2 Filipiniana  

University of Rizal System
Email us at univlibservices@urs.edu.ph

Visit our Website www.urs.edu.ph/library